Kraków - linia tramwajowa nr 3 - Statystyki

Ogólne statystyki
  • Ten quiz został rozwiązany 58 razy
  • Średni wynik to 19 z 24
Statystyki odpowiedzi
Hint Odpowiedź % Poprawnych
Pętla Nowy Bieżanów P+R
94%
18. Dworzec Główny Zachód
92%
Pętla Krowodrza Górka P+R
92%
19. Politechnika
90%
17. Teatr Slowackiego
90%
16. Poczta Główna
86%
20. (Pętla pośrednia) Dworzec Towarowy
84%
8. Kabel
84%
11. Podgórze SKA
82%
5. (Pętla pośrednia, awaryjna) Prokocim
82%
4. Prokocim Szpital
82%
22. Bratysławska
80%
7. Bieżanowska
78%
15. Starowiślna
78%
3. Teligi
78%
21. Szpital Narutowicza
76%
14. Miodowa
74%
12. Plac Bohaterów Getta
74%
10. Cmentarz Podgórski
72%
13. Św. Wawrzyńca
72%
9. Dworcowa
70%
6. Wlotowa
70%
1. Ćwiklińskiej
66%
2. Nowy Prokocim
66%
Nie znaleziono quizów pasujących do podanych kryteriów
Rozkład punktacji
Procent ludzi z każdym wynikiem
Percentyl według liczby udzielonych odpowiedzi
Twoja historia wyników
Nie rozwiązałeś tego quizu